Science Quiz

Random Science or Animal Quiz

Bear Ranges Quiz Stats

 Plays Quiz Updated Sep 18, 2019

Score 0/8 Timer 04:00
1 Play Today
% Correct
American black bear
(Ursus americanus)
95.9%
Asian black bear
(Ursus thibetanus)
85.9%
polar bear
(Ursus maritimus)
79.5%
giant panda
(Ailuropoda melanoleuca)
79.2%
brown bear
(Ursus arctos)
75.4%
spectacled bear
(Tremarctos ornatus)
66.8%
sun bear
(Helarctos malayanus)
65.6%
sloth bear
(Melursus ursinus)
45.9%

You're not logged in!

Compare scores with friends on all Sporcle quizzes.
OR
Log In

Sporcle TV

Today on Sporcle TV


Watch our educational content, quiz creation guides, and fun videos on Sporcle TV.

Show Comments

Extras

Top Quizzes Today


Score Distribution

Your Account Isn't Verified!

In order to create a playlist on Sporcle, you need to verify the email address you used during registration. Go to your Sporcle Settings to finish the process.

Report this User

Report this user for behavior that violates our Community Guidelines.

Details: